000 00392cam a22001097a 4500
008 180718b1967 xxu||||| |||| 00| 0 eng d
082 _aB301x794 In7/c.2
245 _aThe Mexican "AMPARO"as a supplemental remedy for the redress of citizen grievances In California
260 _aCalifornia
_bInstitute for Local Self Government
_c1967
300 _a32p.
650 _a"AMPARO" - Citizen Grievances
999 _c502003
_d502003